Učitavanje...

Introduction To Probability And Statistics : Solutions To Selected Problems /

Bibliografski detalji
Glavni autor: Lindgren, B, W, (Lindgren, B, W)
Daljnji autori: McElrath, G, W, (McElrath, G, W)
Format: Printed Book
Jezik:English
Izdano: London: Macmillan Company, 1969.
Izdanje:3rd.
Teme:
LEADER 00895nam a22001934a 4500
008 150124n ii |||gr||||Z||||||eng
082 |a 519 LIN 
100 |a Lindgren, B, W,  |q (Lindgren, B, W). 
245 |a Introduction To Probability And Statistics :   |b Solutions To Selected Problems /   |c Lindgren, B, W .   |h Textual Documents 
250 |a 3rd. 
260 |a London:  |b Macmillan Company,  |c 1969. 
300 |a X,305p.:  |e KCS07939. 
630 |a Probability Theory, Prof. K C S Pillai Collections. 
653 |a Sampling,Bayesian Inference,Linear Models,Inference For Normal Population,Percentiles 
700 |a McElrath, G, W,  |q (McElrath, G, W). 
852 |t 1  |p STAKCS07939  |b Special Collection  |k 519 LIN  |f 00000  |c Shelf - 20 
942 |c BK 
999 |c 216288  |d 216288 
952 |0 0  |1 0  |4 0  |6 519_000000000000000_LIN  |7 0  |9 230294  |a STA  |b STA  |c Shelf - 20  |d 2019-12-11  |l 0  |o 519 LIN  |p STAKCS07939  |r 2019-12-11  |t 1  |w 2019-12-11  |y BK